[Event "Vlissingen HZ op 22nd"]
[Site "Vlissingen"]
[Date "2018.08.06"]
[Round "4"]
[White "Feltman, Bart"]
[Black "Van Dommelen, Martin"]
[Result "0-1"]
[WhiteElo "1943"]
[BlackElo "2192"]
[PlyCount "58"]
[EventDate "2018.08.04"]
[EventType "swiss"]
[EventRounds "9"]
[EventCountry "NED"]
[SourceTitle "CBM 185 Extra"]
[Source "ChessBase"]
[SourceDate "2018.07.29"]
[SourceVersion "1"]
[SourceVersionDate "2018.07.29"]
[SourceQuality "1"]

1. e4 d6 2. Nf3 Nf6 3. Nc3 c6 4. d4 g6 5. h3 Bg7 6. Be3 0-0 7. Qd2 Re8 8. 0-0-0 b5 9. Bd3 Nbd7 10. Bh6 Bh8 11. h4 b4 12. Ne2 Qa5 13. Kb1 Rb8 14. Rdg1 Nb6 15. a3 Na4 16. b3 Nc3+ 17. Nxc3 bxc3 18. Qc1 Ba6 19. Ka2 c5 20. h5 c4 21. hxg6 fxg6 22. e5 dxe5 23. Bxg6 cxb3+ 24. cxb3 Rxb3 25. Bf7+ Kxf7 26. Nxe5+ Ke6 27. Re1 Kd5 28. Nd3 Rxa3+ 29. Qxa3 Bc4+ 0-1

[Event "Maastricht Limburg op-B 8th"]
[Site "Maastricht"]
[Date "2014.06.08"]
[Round "5"]
[White "Feltman, Bart"]
[Black "Janse, Alexander"]
[Result "1/2-1/2"]
[WhiteElo "1728"]
[BlackElo "1584"]
[PlyCount "56"]
[EventDate "2014.06.06"]
[EventType "swiss"]
[EventRounds "7"]
[EventCountry "NED"]
[SourceTitle "EXT 2015"]
[Source "ChessBase"]
[SourceDate "2014.11.20"]
[SourceVersion "1"]
[SourceVersionDate "2014.11.20"]
[SourceQuality "1"]

1. e4 c5 2. Nf3 d6 3. d4 cxd4 4. Nxd4 Nf6 5. Nc3 a6 6. Bd3 e5 7. Nf3 Be7 8. 0-0 0-0 9. Ne2 Nbd7 10. Ng3 Nc5 11. Be3 Nxd3 12. Qxd3 Qc7 13. c4 Ng4 14. Bd2 Rd8 15. h3 Nf6 16. Rac1 Be6 17. b3 Nd7 18. Ng5 Nc5 19. Nxe6 fxe6 20. Qc2 a5 21. Be3 Rf8 22. Ne2 Qc6 23. Nc3 b6 24. f3 Rad8 25. Qd2 h6 26. Rfd1 Rd7 27. Qf2 Rf6 28. Rc2 Qc8 1/2-1/2

[Event "Maastricht Limburg op-C 5th"]
[Site "Maastricht"]
[Date "2011.06.11"]
[Round "3"]
[White "Snoeks, Pieter Jan"]
[Black "Feltman, Bart"]
[Result "1-0"]
[WhiteElo "1530"]
[BlackElo "1607"]
[PlyCount "63"]
[EventDate "2011.06.10"]
[EventType "swiss"]
[EventRounds "7"]
[EventCountry "NED"]
[SourceTitle "EXT 2012"]
[Source "ChessBase"]
[SourceDate "2011.11.24"]
[SourceVersion "1"]
[SourceVersionDate "2011.11.24"]
[SourceQuality "1"]

1. d4 e6 2. Nf3 b6 3. e3 Bb7 4. Bd3 f5 5. 0-0 Nf6 6. b3 Bd6 7. Bb2 Bxf3 8. Qxf3 Nc6 9. Nd2 Ng4 10. g3 0-0 11. d5 Nce5 12. Qe2 exd5 13. h3 Nh6 14. Nf3 Qf6 15. Rab1 c6 16. c4 Nxf3+ 17. Qxf3 Qg5 18. cxd5 f4 19. h4 Qe7 20. exf4 c5 21. Rfe1 Qf7 22. Be5 Bxe5 23. Rxe5 d6 24. Re6 Nf5 25. Rbe1 Nd4 26. Qe4 Qh5 27. Be2 Qf7 28. Re7 Rae8 29. Bd3 Nf3+ 30. Kh1 Qh5 31. Rxe8 Nxe1 32. Qe6+ 1-0